000 00572nam a22001817a 4500
005 20251108170954.0
008 250721s1998 xx 000 0 ara d
082 1 4 _aق/رجب
100 1 _aالرجبي، أبو فروة
245 1 0 _aكتاب ماذا يقول العاشقون :
_bثلاث و ستون قصة قصيرة جدا /
264 1 _aعمان :
_bمطبعة أنيس،
_c1998.
300 _a80ص.
650 1 7 _aالأدب القصصي
700 1 _aدراوشة، أمين
700 1 _aجبر، محمد حافظ
942 _2ddc
_cBK
999 _c53389
_d53389